000
00322 a2200109 4500
001
ART_12774
005
20260410161733.0
008
260409a
245
1
0
_a
El duro aprendizaje de la democracia
100
1
_a
Botana, Natalio
773
0
_t
Ejecutivos de finanzas
_g
- Año 7, Nº 56 (jun. 1989)
_w
REV2863
999
_c
18024
_d
18024